000 00207 a2200097 4500
001 27574
100 _aCasasent, D
245 _aDigital electronics
260 _a
_bquantum pub
_c1974
090 _c18361
_d18361
942 _aNUST-CAE
_cM
_c9293
999 _c262647
_d262647